Estatísticas para Quiz de Temas Gerais #3

Clique aqui para jogar o quiz

Estatísticas Gerais

  • Esse quiz foi jogado 210 vezes
  • A pontuação média é 10 de 20

Estatísticas das Respostas

PerguntaResposta% Correto
Qual a capital do Peru?Lima
82%
Qual o feminino de poeta?Poetisa
80%
Que país é conhecido como Terra do Sol NascenteJapão
76%
Qual foi a Guerra mais sangrenta da história?Segunda Guerra Mundial
76%
Em que país nasce o Rio Amazonas?Peru
75%
Qual o único país que não tem uma bandeira retangular ou quadrada?Nepal
73%
Qual era o esporte do atleta Tony Hawk?Skate
68%
Qual é a equipe de Fórmula 1 que mais disputou GPs?Ferrari
65%
Qual o primeiro órgão transplantado com sucesso?Rim
59%
Onde foram realizados os primeiros Jogos Olímpicos modernos?Atenas
58%
Qual filme tem como protagonista Katniss Everdeen?Jogos Vorazes
54%
Qual letra grega é usado na matemática para simbolizar uma variável?Delta
50%
Quem escreveu o livro "Os Lusíadas"?Luís de Camões
47%
Na mitologia romana quem é o Deus do Amor?Cupido
31%
Em qual país nasceu Freddie MercuryTanzânia
31%
Quem propôs o primeiro modelo atômico?John Dalton
30%
Qual foi o primeiro país a reconhecer o casamento gay?Países Baixos
29%
Qual filme ganhou o primeiro Oscar na categoria de Melhor AnimaçãoShrek
20%
Qual o jogo de videogame mais vendido da história?Tetris
20%
Qual a ilha mais habitada do mundo?Java
10%

Distribuição das Pontuações

Percentil de Números Respondidos

Porcentagem de Pessoas com Cada Pontuação

Sua Pontuação Histórica

Você não jogou esse quiz